000 00442cam a2200181 4500
001 D1388
008 090401t1984 xxu||||| |||| 00| 0 eng d
035 _a(Sirsi) u63758
041 _aeng
050 _a346.4104342
100 _aBennett, Charles
245 _aResidential leases: a draftsman`s handbook
260 _aLondon
_bOyez Longman
_c1984
300 _axxviii. 359p. 24cm
350 _a14.95
942 _n0
948 _c04/03/1997
999 _c94602
_d94602